| 000 | 00373nam a2200145Ia 4500 | ||
|---|---|---|---|
| 008 | 150201s2004 xx 000 0 und d | ||
| 082 |
_a615.845 _bE2004K |
||
| 100 | _aKHOKHAR,VIRENDER | ||
| 245 | _aELECTROTHERAPY FOR PHYSIOTHERAPISTS | ||
| 250 | _a1ST | ||
| 260 |
_bBHART BHARTI PUBLICATION _aDELHI _c2004 |
||
| 300 | _a1-310 | ||
| 650 | _aPHYSIOTHERAPY | ||
| 942 |
_2ddc _cBK |
||
| 999 |
_c3916 _d3916 |
||